00464 a2200169 450000100060000002000180000604000220002410000250004624000270007124500220009830000080012036200090012865000200013794200070015795201130016499900170027765702 a9788563066091 cAnchieta - Pituba aRibas, Lycio Vellozo10aO mundo das copaslpor10aO mundo das copas a5840 a2010 4a.Copas do mundo cBK 00104070a91.1b91.1d2023-11-21l0o796.334 R482m RIB MUNp20464/PITr2023-11-21 18:34:02w2023-11-21yBK c65702d65702